000 00222nam a2200085Ia 4500
008 120527s9999 xx 000 0 und d
100 _aLEWIS, D.
245 _aThe man who invested hutler the making of the Fuhrer
942 _cBK
999 _c25684
_d25684